00734nam a2200205 a 450000100100000000500170001000800410002702000150006804000250008310000290010824500760013726000370021330000210025049000330027150400330030470000290033783000400036695201050040699900170051100004005420201002033905.0130805s2001 gt 000 0 spa d a9992242140 aDO-SdBNPbspacBNPHU1 aMuñoz, Willy O.96630710aAntología de cuentistas guatemaltecas /ccompilador Willy O. Muñoz. aGuatemala :bLetra Negra,c2001. a185 p. ;c22 cm.1 aNarrativa Centroamericanav8 aBibliografía : p. 181-185.1 aMuñoz, Willy O.966307 0aNarrativa Centroamericanav8966308 001050718MOaPDbPDcCTd2013-08-05iLF1l0o p40054-10r2020-06-25w2020-06-25y1ZNo se presta c39544d39544